[Event "Krasnoyarsk Regional-ch"]
[Site "Krasnoyarsk"]
[Date "2017.10.04"]
[Round "5"]
[White "Anziferov, Viktor"]
[Black "Volkov, Grigoriy"]
[Result "1/2-1/2"]
[WhiteElo "1990"]
[BlackElo "1615"]
[PlyCount "119"]
[EventDate "2017.09.30"]
[EventType "swiss"]
[EventRounds "9"]
[EventCountry "RUS"]
[SourceTitle "CBM 181 Extra"]
[Source "ChessBase"]
[SourceDate "2017.12.12"]
[SourceVersion "1"]
[SourceVersionDate "2017.12.12"]
[SourceQuality "1"]

1. e4 c5 2. Nf3 d6 3. d4 cxd4 4. Nxd4 Nf6 5. Nc3 a6 6. Be2 e5 7. Nb3 Be7 8. Be3 0-0 9. 0-0 Qc7 10. a4 Be6 11. a5 Nbd7 12. Kh1 Qc6 13. Bf3 Nc5 14. Bg5 Bc4 15. Re1 Ng4 16. Bxg4 Bxg5 17. Nd2 Be6 18. Bf3 b5 19. Nd5 Bxd5 20. exd5 Qd7 21. b4 Na4 22. c4 Nb2 23. Qc2 Bxd2 24. Qxd2 Nxc4 25. Qa2 Rac8 26. Be2 e4 27. Rac1 Ne5 28. Qd2 h6 29. h3 Qf5 30. Kg1 Qg6 31. Qe3 f5 32. Rxc8 Rxc8 33. Kh2 Rf8 34. Bf1 Qh5 35. Kg1 Rf6 36. Rc1 Rg6 37. Be2 Nf3+ 38. Bxf3 exf3 39. Qe8+ Kh7 40. Rc8 Rxg2+ 41. Kf1 Qxe8 42. Rxe8 Rh2 43. Ke1 Rxh3 44. Ra8 Rh4 45. Rxa6 Rxb4 46. Rxd6 f4 47. a6 h5 48. Rb6 Ra4 49. d6 h4 50. d7 Re4+ 51. Kf1 Rd4 52. Kg1 Rxd7 53. Rb7 Rd6 54. a7 Ra6 55. Kh2 b4 56. Kh3 b3 57. Kxh4 b2 58. Kg4 Rxa7 59. Rxb2 Rf7 60. Rb4 1/2-1/2

[Event "Krasnoyarsk Region-ch"]
[Site "Krasnoyarsk"]
[Date "2015.10.15"]
[Round "8"]
[White "Anziferov, Viktor"]
[Black "Resmyatova, Antonina"]
[Result "1/2-1/2"]
[WhiteElo "2049"]
[BlackElo "2035"]
[PlyCount "70"]
[EventDate "2015.10.??"]
[EventType "swiss"]
[EventRounds "11"]
[EventCountry "RUS"]
[SourceTitle "CBM 169 Extra"]
[Source "ChessBase"]
[SourceDate "2015.12.18"]
[SourceVersion "1"]
[SourceVersionDate "2015.12.18"]
[SourceQuality "1"]

1. e4 d6 2. d4 Nf6 3. Nc3 e5 4. dxe5 dxe5 5. Qxd8+ Kxd8 6. Bg5 Be6 7. f4 exf4 8. e5 h6 9. Bxf4 Nfd7 10. 0-0-0 a6 11. Nf3 Nc6 12. Bd3 g5 13. Bg3 g4 14. Nh4 Ncxe5 15. Bf5 Kc8 16. Bxe6 fxe6 17. Rhe1 Bg7 18. Re2 Re8 19. Rde1 Bf6 20. Bxe5 Nxe5 21. Rxe5 Bxh4 22. g3 Bg5+ 23. Kd1 Kd7 24. Ne4 Be7 25. Re3 Rad8 26. Rd3+ Bd6 27. Rh5 Ke7 28. Rxh6 Rh8 29. Rxh8 Rxh8 30. Rd2 e5 31. Ke1 Ke6 32. Kf1 Kf5 33. Re2 Be7 34. Nc3 Bc5 35. Ne4 Bb6 1/2-1/2

[Event "Krasnoyarsk Region-ch"]
[Site "Krasnoyarsk"]
[Date "2015.10.11"]
[Round "4"]
[White "Neizvestnykh, Vitalij"]
[Black "Anziferov, Viktor"]
[Result "1/2-1/2"]
[WhiteElo "2155"]
[BlackElo "2049"]
[PlyCount "130"]
[EventDate "2015.10.??"]
[EventType "swiss"]
[EventRounds "11"]
[EventCountry "RUS"]
[SourceTitle "CBM 169 Extra"]
[Source "ChessBase"]
[SourceDate "2015.12.18"]
[SourceVersion "1"]
[SourceVersionDate "2015.12.18"]
[SourceQuality "1"]

1. e4 e6 2. d4 d5 3. Nc3 Bb4 4. exd5 exd5 5. Bd3 Nf6 6. Bg5 0-0 7. Qf3 Nbd7 8. Nge2 c6 9. 0-0 Re8 10. Ng3 h6 11. Be3 Nf8 12. Nf5 Ng6 13. g4 Nh7 14. Bxh6 Bxf5 15. gxf5 Nh4 16. Qg4 g5 17. fxg6 Ng5 18. gxf7+ Kxf7 19. Bxg5 Qxg5 20. Qxg5 Nf3+ 21. Kg2 Nxg5 22. f4 Ne6 23. Ne2 Rh8 24. Rf3 Bd6 25. h3 Rag8+ 26. Rg3 Nxf4+ 27. Nxf4 Bxf4 28. Rg4 Rxg4+ 29. hxg4 Rh2+ 30. Kf3 Bg5 31. Kg3 Rd2 32. Rf1+ Kg7 33. Rh1 Kg8 34. Re1 Kf7 35. Rh1 Kg8 36. Kf3 Bf6 37. Ke3 Bg5+ 38. Kf3 Bf6 39. g5 Bxd4 40. b3 Rf2+ 41. Kg3 Rf7 42. Kg4 Re7 43. a4 a5 44. Rh6 Be3 45. Rd6 Kf8 46. Bf5 Bb6 47. Rf6+ Kg8 48. Be6+ Kg7 49. Kf5 Bd4 50. Rg6+ Kh7 51. Rh6+ Kg7 52. Rh4 Bc3 53. Rh3 Bd2 54. g6 Bh6 55. Rh4 Re8 56. b4 Rf8+ 57. Bf7 axb4 58. Rxb4 Rb8 59. Ke6 Bd2 60. Rh4 Rh8 61. Rxh8 Kxh8 62. Kd7 b5 63. a5 Bxa5 64. Kxc6 Bc3 65. Kxb5 d4 1/2-1/2

[Event "Krasnoyarsk City-ch"]
[Site "Krasnoyarsk"]
[Date "2013.10.04"]
[Round "2"]
[White "Anziferov, Viktor"]
[Black "Turusin, Alexander"]
[Result "0-1"]
[WhiteElo "2058"]
[BlackElo "2142"]
[PlyCount "54"]
[EventDate "2013.10.03"]
[EventType "swiss"]
[EventRounds "11"]
[EventCountry "RUS"]
[SourceTitle "EXT 2014"]
[Source "ChessBase"]
[SourceDate "2013.11.20"]
[SourceVersion "1"]
[SourceVersionDate "2013.11.20"]
[SourceQuality "1"]

1. e4 g6 2. d4 Bg7 3. Nc3 e6 4. g3 d6 5. Bg2 Nf6 6. Nge2 Nbd7 7. 0-0 e5 8. h3 0-0 9. Be3 Re8 10. a4 a5 11. Qd3 exd4 12. Nxd4 Nc5 13. Qc4 Nfxe4 14. Nc6 bxc6 15. Nxe4 Ba6 16. Qa2 Nxe4 17. Rfe1 d5 18. Rad1 Qb8 19. Bd4 Bxd4 20. Rxd4 Qb6 21. c3 Nd6 22. Rxe8+ Rxe8 23. b4 Re2 24. Qa1 Ne4 25. bxa5 Qb3 26. Bf1 Qxc3 27. Qd1 Re1 0-1

[Event "Krasnoyarsk op"]
[Site "Krasnoyarsk"]
[Date "2011.10.06"]
[Round "8"]
[White "Belmeskin, Ilia"]
[Black "Anziferov, Viktor"]
[Result "1/2-1/2"]
[WhiteElo "2220"]
[BlackElo "2100"]
[PlyCount "59"]
[EventDate "2011.09.29"]
[EventType "swiss"]
[EventRounds "11"]
[EventCountry "RUS"]
[SourceTitle "EXT 2013"]
[Source "ChessBase"]
[SourceDate "2012.11.22"]
[SourceVersion "1"]
[SourceVersionDate "2012.11.22"]
[SourceQuality "1"]

1. Nf3 Nf6 2. c4 g6 3. b3 Bg7 4. Bb2 c5 5. d4 cxd4 6. Nxd4 0-0 7. e3 d5 8. cxd5 Nxd5 9. Nd2 e5 10. N4f3 Nc6 11. Bb5 Ndb4 12. 0-0 a6 13. Bxc6 Nxc6 14. Nc4 Qxd1 15. Raxd1 Bg4 16. Rd5 f6 17. Nd6 Rfd8 18. h3 Be6 19. Rd2 Rd7 20. Rfd1 Bf8 21. g4 Be7 22. Kg2 Rad8 23. Nc4 Rxd2 24. Rxd2 Rxd2 25. Nfxd2 Kf7 26. g5 fxg5 27. Nxe5+ Nxe5 28. Bxe5 g4 29. hxg4 Bxg4 30. Kg3 1/2-1/2

[Event "Krasnoyarsk op"]
[Site "Krasnoyarsk"]
[Date "2011.09.29"]
[Round "1"]
[White "Ubiennykh, Ekaterina"]
[Black "Anziferov, Viktor"]
[Result "1-0"]
[WhiteElo "2314"]
[BlackElo "2100"]
[PlyCount "81"]
[EventDate "2011.09.29"]
[EventType "swiss"]
[EventRounds "11"]
[EventCountry "RUS"]
[SourceTitle "EXT 2013"]
[Source "ChessBase"]
[SourceDate "2012.11.22"]
[SourceVersion "1"]
[SourceVersionDate "2012.11.22"]
[SourceQuality "1"]

1. e4 e6 2. d4 d5 3. Nc3 Bb4 4. e5 Qd7 5. Qg4 f5 6. Qg3 b6 7. Nf3 Ba6 8. Bxa6 Nxa6 9. 0-0 Bf8 10. Ne2 c5 11. c4 dxc4 12. Be3 Nb4 13. dxc5 Nd5 14. Rfd1 bxc5 15. Nf4 Nxf4 16. Qxf4 Qc6 17. Qxc4 h6 18. b4 a6 19. bxc5 Kf7 20. Nd4 Qd5 21. Qxd5 exd5 22. Nxf5 Ke6 23. Nd6 Ne7 24. f4 Rg8 25. Rf1 Nc6 26. Rad1 g5 27. fxg5 Nxe5 28. Rf6+ Kd7 29. Rxd5 Ng4 30. Nf5+ Ke8 31. Rb6 Nxe3 32. Re6+ Kf7 33. Rf6+ Ke8 34. Re5+ Kd8 35. Nxe3 hxg5 36. Rxg5 Rh8 37. Rd5+ Kc7 38. g4 Rh7 39. Rdf5 Be7 40. Nd5+ Kd7 41. Nb6+ 1-0